000 01324nam a22002777a 4500
999 _c63968
_d63968
005 20251125233104.0
008 s2553 th ||||| |||| 00| 0 tha d
020 _a9786167305202
040 _aNALT
050 _aHE8390.55 ค123ท 2553
245 1 0 _aทรงสื่อสาร วัฒนาประชาไทย
260 3 _aกรุงเทพฯ :
_bอัมรินทร์พริ้นติ้งแอนด์พับลิชชิ่ง,
_c2553
300 _a256 หน้า :
_b ภาพประกอบ ;
_c 30 ซม.
610 _aคณะกรรมการกิจการโทรคมนาคมแห่งชาติ
650 0 4 _aโทรเลข
650 0 4 _aจดหมาย
650 0 4 _aวิทยุกระจายเสียง
650 0 4 _aวิทยุ
650 0 4 _aกษัตริย์และผู้ครองนคร -- ไทย -- พระราชกรณียกิจ
650 0 4 _aการสื่อสาร -- ไทย -- ประวัติ
650 0 4 _aโทรคมนาคม -- ไทย -- ประวัติ
850 _aNALT
856 4 0 _uhttps://hdl.handle.net/20.500.14156/338091
_71
942 _cGB
_2lcc